LEADER 00856nas a2200193 i 4500 001 000000013212 003 CaOOAMICUS 005 20180830125441.0 008 180830n it u0 ita u 040 $aSeMil$bita 100 1 $aLonghi, Roberto,$d<1890-1970>.$0(OLS)http://semarc/name/5023 245 10$aEdizione delle opere complete di Roberto Longhi. 260 $aFirenze :$bSansoni,$c[19--]?. 300 $av. ;$c27 cm. 650 4$aLonghi, Roberto - Opere.$0(OLS)http://semarc/subject/2207 774 0 $aLonghi, Roberto <1890-1970>$tScritti giovanili.$dFirenze : Sansoni, 1961.$g1.$w()14255 774 0 $aLonghi, Roberto <1890-1970>$tSaggi e ricerche.$dFirenze : Sansoni, 1967.$g2.$w()14257 996 $6245$aEdizione delle opere complete di Roberto Longhi$9(OLS)http://semarc/title/17604 996 $6260$aFirenze :$bSansoni$9(OLS)http://semarc/publisher/29843 LEADER 01433nam a2200289 i 4500 001 000000048208 003 CaOOAMICUS 005 20210525112209.0 008 121122s1861 it u000 u lat u 013 $a19378 040 $aSeMil$bita 100 1 $aKnoll, Albert,$d<1796-1863>.$0(OLS)http://semarc/name/828 245 10$aInstitutiones theologiae dogmaticae generalis, seu fundamentalis conscriptae /$ca reverendissimo p. Alberto a Bulsano. 250 $aEditio altera ab auctore revisa et aucta 264 1$aTaurini :$bEx Typis Hyacinthi Marietti,$c1861. 300 $a526 p. ;$c22 cm. 650 4$aTeologia dogmatica.$0(OLS)http://semarc/subject/68 650 4$aTeologia - Manuali.$0(OLS)http://semarc/subject/315 850 $aSeMil 852 $aSeMil$W1$xVenegono$y1$m2D III 56 FA$j14363$B14363$CSeMilBibl$Z2$F14363 $8I 852 $aSeMil$W1$xVenegono$y1$m5A VI 14 FA$j226498$B237274$CSeMilBibl$Z2$F237274 $8I 900 0 $aAlberto : da Bulsano. 961 $aTimbro di provenienza: Dalla Biblioteca dell'Oratorio di Maria (sul front.); Dalla Biblioteca del Seminario arcivescovile di Milano, Biennio teologico (nei preliminari) 996 $6245$aInstitutiones theologiae dogmaticae generalis, seu fundamentalis conscriptae$9(OLS)http://semarc/title/72901 996 $6264$aTaurini :$bEx Typis Hyacinthi Marietti$9(OLS)http://semarc/publisher/37412